000 00376nam a2200145 i 4500
001 bg
100 1 _aKOŁACIN, T.
245 0 _aZbiór zadań do ćwiczeń z podstaw automatyki i teorii maszyn /
_cT. Kołacin, A. Kasior.
260 _aWarszawa,
_c1990.
700 1 _aKASIOR, A.
040 _cBPK
041 _apol
942 _cKS
008 s pl f |000 0 pol
999 _c4424
_d4424
856 _uhttp://koha.tu.koszalin.pl/cgi-bin/koha/opac-detail.pl?biblionumber=4424
_yKatalog online BPK